BIBLIOTECA

SENCICO

Avances en Geofísica y Geodesia. Volumen núm. 1 (Registro nro. 584)

Detalles MARC
000 -LEADER
fixed length control field 00673nam a2200253Ia 4500
005 - DATE AND TIME OF LATEST TRANSACTION
control field 20251020182442.0
008 - FIXED-LENGTH DATA ELEMENTS--GENERAL INFORMATION
fixed length control field 200515s9999 xx 000 0 und d
020 ## - INTERNATIONAL STANDARD BOOK NUMBER
International Standard Book Number 84-7819-073-2
082 ## - DEWEY DECIMAL CLASSIFICATION NUMBER
Classification number 528.83/I59
110 ## - MAIN ENTRY--CORPORATE NAME
Corporate name or jurisdiction name as entry element Instituto Geográfico Nacional
245 #0 - TITLE STATEMENT
Title Avances en Geofísica y Geodesia. Volumen núm. 1
260 ## - PUBLICATION, DISTRIBUTION, ETC.
Place of publication, distribution, etc. Madrid
260 ## - PUBLICATION, DISTRIBUTION, ETC.
Name of publisher, distributor, etc. Instituto Geográfico Nacional
260 ## - PUBLICATION, DISTRIBUTION, ETC.
Date of publication, distribution, etc. 1996
300 ## - PHYSICAL DESCRIPTION
Extent 379 p.
300 ## - PHYSICAL DESCRIPTION
Other physical details il., tbl., graf., fot.
500 ## - GENERAL NOTE
General note 1 ejemplar. Volumen 1
520 ## - SUMMARY, ETC.
Summary, etc. Artículos relacionados con geodesia, geofísica.
650 ## - SUBJECT ADDED ENTRY--TOPICAL TERM
Topical term or geographic name entry element GEODESIA
650 ## - SUBJECT ADDED ENTRY--TOPICAL TERM
Topical term or geographic name entry element GEOFISICA
650 ## - SUBJECT ADDED ENTRY--TOPICAL TERM
Topical term or geographic name entry element GPS
942 ## - ADDED ENTRY ELEMENTS (KOHA)
Koha item type Libros
Existencias
Fecha de la última vez que lo usaron Pago total Signatura topográfica completa Código de barras Precio efectivo desde Tipo de documento Estado perdido Estado dañado No es para préstamo Retirado Ubicación permanente Ubicación actual Fecha de adquisición
15/05/2020   528.83/I59 Bib-Lima15050584 15/05/2020 Libros         Biblioteca Central Lima Biblioteca Central Lima 15/05/2020